[Event "Liga Madrileña - DH 2017-2018"]
[Site "Madrid ESP"]
[Date "2017.12.17"]
[Round "4.44"]
[White "Ortega Ruiz, Jose Miguel"]
[Black "Renteria Becerra, Jorge Elicer"]
[Result "1-0"]
[WhiteElo "2250"]
[BlackElo "2342"]
[PlyCount "79"]
[EventDate "2017.11.19"]
[EventType "team-tourn"]
[EventRounds "14"]
[EventCountry "ESP"]
[SourceTitle "Ajedrez en Madrid"]
[Source "lmi"]
[SourceDate "2017.11.19"]
[WhiteTeam "Collado Villalba"]
[BlackTeam "Blanco y Negro"]
[WhiteTeamCountry "ESP"]
[BlackTeamCountry "ESP"]

1. d4 Nf6 2. c4 e6 3. Nf3 d5 4. e3 Bb4+ 5. Bd2 a5 6. Bd3 dxc4 7. Bxc4 Ne4 8.
O-O Nxd2 9. Nbxd2 O-O 10. Rc1 Nd7 11. Qc2 c6 12. Rfd1 g6 13. e4 Nb6 14. Bf1 Re8
15. e5 Nd5 16. Ne4 Be7 17. a3 Kg7 18. Nfd2 f5 19. exf6+ Nxf6 20. Nc4 Nxe4 21.
Qxe4 Bf6 22. Ne5 Qd5 23. Qe3 Rd8 24. Bc4 Qd6 25. Be2 a4 26. g3 Qe7 27. Qc3 Bd7
28. h4 Be8 29. Bf3 Kh8 30. Re1 Bg7 31. Re4 Qc7 32. Rce1 Qb6 33. Rf4 Rac8 34. d5
Kg8 35. dxe6 Qc7 36. e7 Rd5 37. Bxd5+ cxd5 38. Qf3 h6 39. Qxd5+ Kh7 40. Rf8 1-0

[Event "Liga Madrileña - DH 2017-2018"]
[Site "Madrid ESP"]
[Date "2017.12.17"]
[Round "4.45"]
[White "Alarcia Astiz, Carlos"]
[Black "Pastor Alonso de Prado, Emilio Alberto"]
[Result "1/2-1/2"]
[WhiteElo "2309"]
[BlackElo "2166"]
[PlyCount "177"]
[EventDate "2017.11.19"]
[EventType "team-tourn"]
[EventRounds "14"]
[EventCountry "ESP"]
[SourceTitle "Ajedrez en Madrid"]
[Source "lmi"]
[SourceDate "2017.11.19"]
[WhiteTeam "Blanco y Negro"]
[BlackTeam "Collado Villalba"]
[WhiteTeamCountry "ESP"]
[BlackTeamCountry "ESP"]

1. e4 e5 2. Nf3 Nc6 3. Bc4 Nf6 4. d3 Be7 5. O-O d6 6. c3 O-O 7. Re1 Na5 8. Bb5
a6 9. Ba4 b5 10. Bc2 c5 11. Nbd2 Re8 12. d4 Qc7 13. h3 Bf8 14. dxe5 dxe5 15.
Nf1 c4 16. Nh4 Nb7 17. Qf3 Nd6 18. Bg5 Nd7 19. Ne3 Bb7 20. Nhf5 f6 21. Bh4 Nxf5
22. Qxf5 g6 23. Qg4 Bg7 24. Bg3 Rad8 25. h4 Nc5 26. Rad1 Qf7 27. h5 Bc8 28.
hxg6 hxg6 29. Qf3 Bb7 30. Qg4 Bc8 31. Qf3 Be6 32. Bh4 g5 33. Bg3 Bf8 34. Qe2
Kg7 35. Rd2 Rxd2 36. Qxd2 Be7 37. Rd1 Qh5 38. f3 Rd8 39. Qe2 Qe8 40. Bf2 Rxd1+
41. Qxd1 Qd7 42. Qxd7 Bxd7 43. Nd5 Bd6 44. Kf1 Ne6 45. g3 Bc5 46. Bxc5 Nxc5 47.
Ke2 Kf7 48. b3 cxb3 49. axb3 a5 50. b4 Nb7 51. bxa5 Nxa5 52. Bd3 Nb3 53. Kd1
Nc5 54. Be2 g4 55. Kd2 Bc6 56. Ke3 gxf3 57. Bxf3 Nb7 58. Nb4 Bd7 59. Bh5+ Kg7
60. Bd1 Nd6 61. Bb3 Kg6 62. Nd3 Kg5 63. Nf2 Bc6 64. Be6 f5 65. Bxf5 Nxf5+ 66.
exf5 Kxf5 67. g4+ Kf6 68. Nd3 Be8 69. Nc5 Bc6 70. Ne4+ Kg6 71. Kd3 Bd7 72. Nf2
Bc6 73. Ke3 Kf6 74. Nd3 Be8 75. Kf3 Bg6 76. Ke3 Ke6 77. Nb4 Kd6 78. Kd2 Kc5 79.
Nd3+ Kd5 80. Ke3 Kd6 81. Ne1 Kd5 82. Nf3 Kd6 83. Nh4 Bb1 84. Nf3 Bc2 85. Kd2
Bb1 86. Ke3 Bc2 87. Kd2 Bb1 88. Ke3 Bc2 89. Kd2 1/2-1/2

[Event "Liga Madrileña - DH 2017-2018"]
[Site "Madrid ESP"]
[Date "2017.12.17"]
[Round "4.46"]
[White "Cao Armillas, Jesus"]
[Black "Hidalgo Duque, Carlos"]
[Result "0-1"]
[WhiteElo "2109"]
[BlackElo "2194"]
[PlyCount "72"]
[EventDate "2017.11.19"]
[EventType "team-tourn"]
[EventRounds "14"]
[EventCountry "ESP"]
[SourceTitle "Ajedrez en Madrid"]
[Source "lmi"]
[SourceDate "2017.11.19"]
[WhiteTeam "Collado Villalba"]
[BlackTeam "Blanco y Negro"]
[WhiteTeamCountry "ESP"]
[BlackTeamCountry "ESP"]

1. d4 d5 2. c4 e6 3. Nc3 c6 4. Nf3 Nf6 5. e3 Nbd7 6. Bd3 dxc4 7. Bxc4 b5 8. Bd3
Bb7 9. O-O a6 10. a4 b4 11. Ne4 c5 12. Nxc5 Nxc5 13. dxc5 Bxc5 14. Qe2 Qd5 15.
Rd1 Qh5 16. h3 O-O 17. e4 a5 18. Bf4 Rac8 19. Rac1 Rfd8 20. Kf1 h6 21. Bc2
Rxd1+ 22. Rxd1 Bb6 23. Bb1 Qc5 24. Be3 Qc7 25. Kg1 Bxe3 26. Qxe3 Qc6 27. e5 Nd5
28. Qd3 g6 29. Nd4 Qxa4 30. Nxe6 Qe8 31. Nd4 Qxe5 32. Qb5 Qe7 33. Nf3 Rc5 34.
Qf1 Nf4 35. Re1 Qf6 36. Be4 Ba6 0-1

[Event "Liga Madrileña - DH 2017-2018"]
[Site "Madrid ESP"]
[Date "2018.01.14"]
[Round "5.11"]
[White "Vazquez Igarza, Renier"]
[Black "Vallejo Diaz, Jesus"]
[Result "1-0"]
[WhiteElo "2570"]
[BlackElo "2247"]
[PlyCount "79"]
[EventDate "2017.11.19"]
[EventType "team-tourn"]
[EventRounds "14"]
[EventCountry "ESP"]
[SourceTitle "Ajedrez en Madrid"]
[Source "lmi"]
[SourceDate "2017.11.19"]
[WhiteTeam "Collado Villalba"]
[BlackTeam "Alcorcon"]
[WhiteTeamCountry "ESP"]
[BlackTeamCountry "ESP"]

1. d4 Nf6 2. Nf3 e6 3. c4 Bb4+ 4. Bd2 Qe7 5. g3 b6 6. Bg2 Bb7 7. O-O Bxd2 8.
Qxd2 O-O 9. Nc3 d6 10. Qc2 c5 11. e4 Nc6 12. d5 Nd4 13. Nxd4 cxd4 14. Nb1 e5
15. Nd2 g6 16. b4 Nd7 17. Rac1 a5 18. a3 Ra7 19. Bh3 axb4 20. axb4 Rfa8 21. Rb1
Ra3 22. Rfc1 Nf6 23. c5 dxc5 24. d6 Qxd6 25. bxc5 Qd8 26. c6 Bc8 27. c7 Qe7 28.
Rxb6 Bxh3 29. Rb8+ Kg7 30. c8=Q Bxc8 31. Qxc8 Rxb8 32. Qxb8 Ra2 33. Rc7 Qa3 34.
Qb7 Rxd2 35. Rxf7+ Kh6 36. Rxf6 Rd1+ 37. Kg2 Qd3 38. Rf7 Qf1+ 39. Kf3 Rd3+ 40.
Kg4 1-0

[Event "Liga Madrileña - DH 2017-2018"]
[Site "Madrid ESP"]
[Date "2018.01.14"]
[Round "5.12"]
[White "Aguilera Lopez, Alejandro"]
[Black "Moreno Ruiz, Javier"]
[Result "0-1"]
[WhiteElo "2231"]
[BlackElo "2443"]
[PlyCount "60"]
[EventDate "2017.11.19"]
[EventType "team-tourn"]
[EventRounds "14"]
[EventCountry "ESP"]
[SourceTitle "Ajedrez en Madrid"]
[Source "lmi"]
[SourceDate "2017.11.19"]
[WhiteTeam "Alcorcon"]
[BlackTeam "Collado Villalba"]
[WhiteTeamCountry "ESP"]
[BlackTeamCountry "ESP"]

1. d4 e6 2. Nf3 d5 3. e3 Nf6 4. Bd3 b6 5. O-O Bb7 6. b3 c5 7. Bb2 Nc6 8. a3 Bd6
9. Nbd2 O-O 10. Ne5 Ne7 11. Qe2 Ne4 12. Rfd1 Qc7 13. Bxe4 dxe4 14. Ndc4 Bxe5
15. dxe5 Ba6 16. Qg4 Bxc4 17. bxc4 Qb7 18. Rd6 Nf5 19. Rad1 Nxd6 20. exd6 f6
21. Qxe6+ Qf7 22. Qxe4 Rad8 23. Qd3 Rfe8 24. h3 Re6 25. Qf5 Rexd6 26. Rxd6 Rxd6
27. Qc8+ Qf8 28. Qc7 Qd8 29. Qxa7 Rd1+ 30. Kh2 Rd2 0-1

[Event "Liga Madrileña - DH 2017-2018"]
[Site "Madrid ESP"]
[Date "2018.01.14"]
[Round "5.13"]
[White "Rodriguez Cespedes, Amador"]
[Black "Prieto Martin, Alfonso"]
[Result "1/2-1/2"]
[WhiteElo "2408"]
[BlackElo "2187"]
[PlyCount "59"]
[EventDate "2017.11.19"]
[EventType "team-tourn"]
[EventRounds "14"]
[EventCountry "ESP"]
[SourceTitle "Ajedrez en Madrid"]
[Source "lmi"]
[SourceDate "2017.11.19"]
[WhiteTeam "Collado Villalba"]
[BlackTeam "Alcorcon"]
[WhiteTeamCountry "ESP"]
[BlackTeamCountry "ESP"]

1. e4 c5 2. Nf3 Nf6 3. e5 Nd5 4. Nc3 e6 5. Nxd5 exd5 6. d4 Nc6 7. dxc5 Bxc5 8.
Qxd5 Qb6 9. Bc4 Bxf2+ 10. Ke2 O-O 11. Rf1 Bc5 12. Ng5 Nd4+ 13. Kd1 Ne6 14. Ne4
d6 15. exd6 Bd7 16. Nxc5 Nxc5 17. Qd4 Be6 18. Bxe6 fxe6 19. Rxf8+ Rxf8 20. b4
Na4 21. Qxb6 Nxb6 22. Ke2 Rd8 23. Be3 Rxd6 24. Bc5 Rc6 25. Bxb6 Rxb6 26. c3 Kf7
27. a3 e5 28. c4 Ke6 29. Kd3 Rd6+ 30. Kc3 1/2-1/2

[Event "Liga Madrileña - DH 2017-2018"]
[Site "Madrid ESP"]
[Date "2018.01.14"]
[Round "5.14"]
[White "Ramos del Campo, Alexander"]
[Black "Martin Duque, Jesus"]
[Result "0-1"]
[WhiteElo "2200"]
[BlackElo "2384"]
[PlyCount "124"]
[EventDate "2017.11.19"]
[EventType "team-tourn"]
[EventRounds "14"]
[EventCountry "ESP"]
[SourceTitle "Ajedrez en Madrid"]
[Source "lmi"]
[SourceDate "2017.11.19"]
[WhiteTeam "Alcorcon"]
[BlackTeam "Collado Villalba"]
[WhiteTeamCountry "ESP"]
[BlackTeamCountry "ESP"]

1. e4 e5 2. Nf3 Nc6 3. Bc4 Nf6 4. d3 Be7 5. O-O O-O 6. Re1 d6 7. c3 Na5 8. Bb5
a6 9. Ba4 b5 10. Bc2 c5 11. Nbd2 Nc6 12. h3 Re8 13. Nf1 h6 14. d4 Bf8 15. Ng3
Bd7 16. d5 Ne7 17. Nh4 g6 18. Rf1 Bg7 19. Nf3 Qc8 20. Be3 Nh7 21. Nh2 h5 22. f4
h4 23. Ne2 f5 24. fxe5 Bxe5 25. Nf3 Bf6 26. Bf4 fxe4 27. Bxe4 Bf5 28. Bxf5 Nxf5
29. Qd2 Ra7 30. Rae1 Rae7 31. Kh2 Qd8 32. g4 hxg3+ 33. Nxg3 Nh4 34. Nxh4 Bxh4
35. Re6 Rxe6 36. dxe6 d5 37. Rd1 Qf6 38. e7 Rxe7 39. Qxd5+ Rf7 40. Rf1 Bxg3+
41. Kxg3 g5 42. Kh2 gxf4 43. Rg1+ Kh8 44. Qa8+ Rf8 45. Qf3 Qe5 46. Rg2 Rg8 47.
Re2 Qg5 48. Re1 Qg3+ 49. Qxg3 Rxg3 50. Rf1 Rd3 51. Rxf4 Rd2+ 52. Kg3 Rxb2 53.
Kh4 Rxa2 54. Kh5 Kg7 55. Rg4+ Kf7 56. Kh6 Nf6 57. Rg7+ Ke6 58. Rg6 Rd2 59. h4
Rd5 60. Kg7 Rd7+ 61. Kh6 Rh7+ 62. Kg5 Rh5+ 0-1

[Event "Liga Madrileña - DH 2017-2018"]
[Site "Madrid ESP"]
[Date "2018.01.14"]
[Round "5.15"]
[White "Ortega Ruiz, Jose Miguel"]
[Black "Angelina Vela, Carlos"]
[Result "1-0"]
[WhiteElo "2268"]
[BlackElo "2120"]
[PlyCount "183"]
[EventDate "2017.11.19"]
[EventType "team-tourn"]
[EventRounds "14"]
[EventCountry "ESP"]
[SourceTitle "Ajedrez en Madrid"]
[Source "lmi"]
[SourceDate "2017.11.19"]
[WhiteTeam "Collado Villalba"]
[BlackTeam "Alcorcon"]
[WhiteTeamCountry "ESP"]
[BlackTeamCountry "ESP"]

1. d4 Nf6 2. c4 e6 3. Nf3 Bb4+ 4. Nbd2 b6 5. g3 Bb7 6. Bg2 O-O 7. O-O Bxd2 8.
Qxd2 d6 9. b4 Qe7 10. a4 a5 11. b5 Nbd7 12. Ba3 e5 13. e3 Rfd8 14. Rfc1 Rab8
15. Qc2 Be4 16. Qb2 Qe8 17. Rd1 h6 18. Rac1 Bxf3 19. Bxf3 e4 20. Bg2 Qe6 21.
Qe2 Qf5 22. Rd2 Nf8 23. c5 dxc5 24. dxc5 Ne6 25. cxb6 cxb6 26. Be7 Rxd2 27.
Qxd2 Nd5 28. Bd6 Rd8 29. g4 Qg5 30. h4 Qxh4 31. Qxd5 Qxg4 32. Qe5 Ng5 33. Qg3
Qe2 34. Rf1 Qc4 35. Bf4 Rd5 36. Qg4 Qxa4 37. Rc1 Rxb5 38. Kh2 g6 39. Qc8+ Kg7
40. Qb8 Qa2 41. Be5+ f6 42. Bxf6+ Kxf6 43. Qh8+ Kf5 44. Rc6 Kg4 45. Qc8+ Rf5
46. Rc2 Qe6 47. Bh3+ Kh5 48. Qxe6 Nxe6 49. Bxf5 gxf5 50. Rc6 Nc5 51. Rxb6 Nd3
52. Kg3 Kg5 53. Rb3 Ne5 54. Rb5 Ng6 55. Rxa5 h5 56. Rb5 Kf6 57. Rb7 Kg5 58. Rh7
Ne5 59. Rh8 Kg6 60. Rg8+ Kf6 61. Kh3 Ng6 62. Re8 Kf7 63. Ra8 Kf6 64. Kg2 Ne5
65. Rh8 Kg5 66. Kf1 Kg6 67. Rg8+ Kf6 68. Kg2 Ng6 69. Kh1 Kf7 70. Ra8 Kf6 71.
Ra2 Kg5 72. Ra1 Kf6 73. Rg1 Ne5 74. Rg2 Nf3 75. Rg3 Ke5 76. Rg6 h4 77. Rh6 Kd5
78. Kg2 Kc5 79. Kf1 Kd5 80. Ke2 h3 81. Kf1 h2 82. Kg2 Ke5 83. Rh3 Kf6 84. Rxf3
h1=Q+ 85. Kxh1 exf3 86. Kh2 Ke5 87. Kg3 Ke4 88. Kh4 f4 89. exf4 Kxf4 90. Kh3
Kg5 91. Kg3 Kf6 92. Kxf3 1-0

[Event "Liga Madrileña - DH 2017-2018"]
[Site "Madrid ESP"]
[Date "2018.01.14"]
[Round "5.16"]
[White "Prada Lopez, Miguel Angel"]
[Black "Cao Armillas, Jesus"]
[Result "1/2-1/2"]
[WhiteElo "2073"]
[BlackElo "2101"]
[PlyCount "51"]
[EventDate "2017.11.19"]
[EventType "team-tourn"]
[EventRounds "14"]
[EventCountry "ESP"]
[SourceTitle "Ajedrez en Madrid"]
[Source "lmi"]
[SourceDate "2017.11.19"]
[WhiteTeam "Alcorcon"]
[BlackTeam "Collado Villalba"]
[WhiteTeamCountry "ESP"]
[BlackTeamCountry "ESP"]

1. Nf3 d5 2. c4 d4 3. g3 c5 4. Bg2 Nc6 5. O-O e5 6. d3 Bd6 7. e3 Nge7 8. exd4
cxd4 9. Re1 O-O 10. a3 a5 11. c5 Bc7 12. Nbd2 a4 13. Nc4 f6 14. b4 axb3 15.
Qxb3 Kh8 16. Nfd2 Ra7 17. Ne4 Be6 18. Bd2 Ba5 19. Bb4 Qa8 20. Rab1 Bg8 21. Ned6
Nc8 22. Nb5 Bxb4 23. axb4 Ra4 24. Nc7 Qa7 25. Nb5 Qa6 26. Nc7 1/2-1/2

[Event "Liga Madrileña - DH 2017-2018"]
[Site "Madrid ESP"]
[Date "2018.01.14"]
[Round "5.21"]
[White "Lianes Garcia, Marcos"]
[Black "Bolado Saez, Sergio"]
[Result "1-0"]
[WhiteElo "2306"]
[BlackElo "2376"]
[PlyCount "99"]
[EventDate "2017.11.19"]
[EventType "team-tourn"]
[EventRounds "14"]
[EventCountry "ESP"]
[SourceTitle "Ajedrez en Madrid"]
[Source "lmi"]
[SourceDate "2017.11.19"]
[WhiteTeam "Villaverde"]
[BlackTeam "Blanco y Negro"]
[WhiteTeamCountry "ESP"]
[BlackTeamCountry "ESP"]

1. e4 c5 2. Nf3 d6 3. d4 Nf6 4. Bb5+ Nbd7 5. e5 Qa5+ 6. Nc3 Ne4 7. Rb1 a6 8.
Bxd7+ Bxd7 9. O-O Nxc3 10. bxc3 e6 11. d5 exd5 12. exd6 O-O-O 13. Qxd5 Bc6 14.
Qf5+ Bd7 15. Qxf7 Bxd6 16. Bg5 Rdf8 17. Qd5 Qc7 18. Rfd1 Rxf3 19. Qxf3 Bxh2+
20. Kh1 Be5 21. Rd5 Bf6 22. Bxf6 gxf6 23. Qxf6 Re8 24. Qd6 Qxd6 25. Rxd6 Re2
26. Rbd1 Bc6 27. R6d2 Re4 28. f3 Re3 29. Rd8+ Kc7 30. Rh8 Rxf3 31. Rxh7+ Kc8
32. Rd2 Rxc3 33. Kh2 Be4 34. Rh3 Rc4 35. Rh4 b5 36. c3 Kc7 37. Rf4 Kb6 38. Rd6+
Ka5 39. g4 Bd3 40. Rxc4 Bxc4 41. a3 Be2 42. g5 b4 43. axb4+ cxb4 44. cxb4+ Kxb4
45. g6 Kb5 46. Kg3 Bc4 47. Kf2 a5 48. Ke3 a4 49. Kd2 Kc5 50. Rd8 1-0

[Event "Liga Madrileña - DH 2017-2018"]
[Site "Madrid ESP"]
[Date "2018.01.14"]
[Round "5.22"]
[White "Renteria Becerra, Jorge Elicer"]
[Black "Diezma Aganzo, Jose Luis"]
[Result "1/2-1/2"]
[WhiteElo "2336"]
[BlackElo "2231"]
[PlyCount "96"]
[EventDate "2017.11.19"]
[EventType "team-tourn"]
[EventRounds "14"]
[EventCountry "ESP"]
[SourceTitle "Ajedrez en Madrid"]
[Source "lmi"]
[SourceDate "2017.11.19"]
[WhiteTeam "Blanco y Negro"]
[BlackTeam "Villaverde"]
[WhiteTeamCountry "ESP"]
[BlackTeamCountry "ESP"]

1. e4 e5 2. Nf3 Nc6 3. Bb5 Nge7 4. O-O g6 5. d4 exd4 6. Nxd4 Bg7 7. Be3 O-O 8.
Nc3 d5 9. exd5 Nxd5 10. Nxc6 bxc6 11. Bxc6 Nxe3 12. Qxd8 Rxd8 13. fxe3 Rb8 14.
Bd5 Be6 15. Rad1 Bxd5 16. Nxd5 Bxb2 17. Nxc7 Rxd1 18. Rxd1 Rc8 19. Rd7 a5 20.
g3 Be5 21. Na6 Rxc2 22. Rd5 Bc3 23. Rc5 Rc1+ 24. Kg2 Bd2 25. Rxc1 Bxc1 26. Kf3
Kf8 27. Nc5 Ba3 28. Nb7 Bb4 29. Ke4 Ke7 30. Kd5 h5 31. Kc6 f5 32. Kb5 Bd2 33.
Nxa5 Bxe3 34. a4 g5 35. Nc4 f4 36. gxf4 gxf4 37. a5 Kd7 38. a6 Kc7 39. h3 Ba7
40. Nd2 Be3 41. Nf3 Bf2 42. Kc4 Kb6 43. Kd3 Kxa6 44. Ke4 Bg3 45. Nd4 Kb6 46.
Ne2 Kc6 47. Nxf4 Bxf4 48. Kxf4 Kd6 1/2-1/2

[Event "Liga Madrileña - DH 2017-2018"]
[Site "Madrid ESP"]
[Date "2018.01.14"]
[Round "5.23"]
[White "Quispe Arteaga, Gabriel"]
[Black "Alarcia Astiz, Carlos"]
[Result "1/2-1/2"]
[WhiteElo "2273"]
[BlackElo "2300"]
[PlyCount "83"]
[EventDate "2017.11.19"]
[EventType "team-tourn"]
[EventRounds "14"]
[EventCountry "ESP"]
[SourceTitle "Ajedrez en Madrid"]
[Source "lmi"]
[SourceDate "2017.11.19"]
[WhiteTeam "Villaverde"]
[BlackTeam "Blanco y Negro"]
[WhiteTeamCountry "ESP"]
[BlackTeamCountry "ESP"]

1. Nf3 d5 2. g3 g6 3. Bg2 Bg7 4. d4 Nf6 5. O-O O-O 6. c4 dxc4 7. Na3 Nbd7 8.
Nxc4 Nb6 9. Nxb6 axb6 10. a3 b5 11. Bd2 c6 12. Rc1 h6 13. Re1 Ne4 14. Bb4 f5
15. Qb3+ Kh7 16. e3 Rf6 17. Ne5 Be6 18. Qc2 Nd6 19. Rcd1 Qg8 20. d5 cxd5 21.
Bxd6 exd6 22. Nf3 Rff8 23. Qe2 b4 24. axb4 Rfc8 25. Nd4 Bf7 26. Nb5 Rc6 27. Nd4
Rc4 28. Rc1 Rac8 29. Rxc4 Rxc4 30. Qd2 Qc8 31. Bf1 Rc7 32. Bd3 Qa8 33. Nb5 Rc6
34. Na3 Qh8 35. Rb1 d4 36. e4 fxe4 37. Bxe4 d5 38. Bd3 Qc8 39. Re1 Re6 40. Rc1
Rc6 41. Re1 Re6 42. Rc1 1/2-1/2

[Event "Liga Madrileña - DH 2017-2018"]
[Site "Madrid ESP"]
[Date "2018.01.14"]
[Round "5.24"]
[White "Beltran de Heredia Eguiaz, Miguel Angel"]
[Black "Iagar, Razvan Gabriel"]
[Result "1/2-1/2"]
[WhiteElo "2223"]
[BlackElo "2198"]
[PlyCount "22"]
[EventDate "2017.11.19"]
[EventType "team-tourn"]
[EventRounds "14"]
[EventCountry "ESP"]
[SourceTitle "Ajedrez en Madrid"]
[Source "lmi"]
[SourceDate "2017.11.19"]
[WhiteTeam "Blanco y Negro"]
[BlackTeam "Villaverde"]
[WhiteTeamCountry "ESP"]
[BlackTeamCountry "ESP"]

1. e4 e6 2. d4 d5 3. Bd3 dxe4 4. Bxe4 Nf6 5. Bf3 c5 6. Ne2 Be7 7. O-O O-O 8.
Be3 Qc7 9. Nbc3 a6 10. Bf4 Bd6 11. Bxd6 Qxd6 1/2-1/2

[Event "Liga Madrileña - DH 2017-2018"]
[Site "Madrid ESP"]
[Date "2018.01.14"]
[Round "5.25"]
[White "Garcia Dorado, Alberto"]
[Black "Alba Linero, Emilio"]
[Result "1-0"]
[WhiteElo "2118"]
[BlackElo "2209"]
[PlyCount "65"]
[EventDate "2017.11.19"]
[EventType "team-tourn"]
[EventRounds "14"]
[EventCountry "ESP"]
[SourceTitle "Ajedrez en Madrid"]
[Source "lmi"]
[SourceDate "2017.11.19"]
[WhiteTeam "Villaverde"]
[BlackTeam "Blanco y Negro"]
[WhiteTeamCountry "ESP"]
[BlackTeamCountry "ESP"]

1. d4 Nf6 2. Nf3 c5 3. c4 cxd4 4. Nxd4 e5 5. Nf3 Nc6 6. a3 d5 7. cxd5 Qxd5 8.
Qxd5 Nxd5 9. e4 Nc7 10. b4 Bg4 11. Nbd2 f6 12. Bb2 b5 13. Rc1 Kd7 14. Be2 a5
15. Nxe5+ Nxe5 16. Bxe5 Bxe2 17. Bxc7 Bd3 18. Bxa5 Bd6 19. Rc3 Rhc8 20. Rxd3
Rc1+ 21. Ke2 Rxh1 22. e5 fxe5 23. Ne4 Rxh2 24. Rxd6+ Ke7 25. g3 Rh1 26. Rb6 Ra7
27. Rxb5 Ra1 28. Rxe5+ Kf7 29. Rf5+ Kg6 30. Rf3 Ra2+ 31. Kf1 Rd7 32. Kg2 Rd1
33. Nc3 1-0

[Event "Liga Madrileña - DH 2017-2018"]
[Site "Madrid ESP"]
[Date "2018.01.14"]
[Round "5.26"]
[White "Hidalgo Duque, Carlos"]
[Black "Lopez Andujar Ocaña, Antonio"]
[Result "1-0"]
[WhiteElo "2203"]
[BlackElo "2094"]
[PlyCount "73"]
[EventDate "2017.11.19"]
[EventType "team-tourn"]
[EventRounds "14"]
[EventCountry "ESP"]
[SourceTitle "Ajedrez en Madrid"]
[Source "lmi"]
[SourceDate "2017.11.19"]
[WhiteTeam "Blanco y Negro"]
[BlackTeam "Villaverde"]
[WhiteTeamCountry "ESP"]
[BlackTeamCountry "ESP"]

1. Nf3 d5 2. d4 Nf6 3. c4 e6 4. g3 dxc4 5. Bg2 Nc6 6. Qa4 Qd5 7. Nc3 Bb4 8. O-O
Bxc3 9. bxc3 b5 10. Qc2 Bb7 11. Qb1 Nd8 12. a4 O-O 13. Ba3 Re8 14. axb5 Ne4 15.
Qb4 Nd6 16. Rfb1 a6 17. b6 Nb5 18. bxc7 Nc6 19. Qc5 Rec8 20. Ne5 Qxc5 21. Bxc5
Rxc7 22. Nxc4 Rac8 23. Rb3 f6 24. e3 Kf7 25. Rab1 Nd8 26. Nb6 Bxg2 27. Kxg2
Rxc5 28. dxc5 Rxc5 29. Ra1 Rc6 30. Rxa6 Nxc3 31. Ra7+ Kg6 32. Nd7 Ne4 33. Rb4
Nd6 34. Nf8+ Kg5 35. Rxg7+ Kf5 36. Rf4+ Ke5 37. Nd7+ 1-0

[Event "Liga Madrileña - DH 2017-2018"]
[Site "Madrid ESP"]
[Date "2018.01.13"]
[Round "5.31"]
[White "Moreno Trujillo, Alejandro"]
[Black "Almagro Llamas, Pablo"]
[Result "1/2-1/2"]
[WhiteElo "2493"]
[BlackElo "2479"]
[PlyCount "129"]
[EventDate "2017.11.19"]
[EventType "team-tourn"]
[EventRounds "14"]
[EventCountry "ESP"]
[SourceTitle "Ajedrez en Madrid"]
[Source "lmi"]
[SourceDate "2017.11.19"]
[WhiteTeam "64 Villalba"]
[BlackTeam "Virgen de Atocha"]
[WhiteTeamCountry "ESP"]
[BlackTeamCountry "ESP"]

1. c4 e5 2. g3 Nc6 3. Bg2 Bc5 4. Nc3 d6 5. e3 a6 6. a3 Ba7 7. Nge2 Nge7 8. b4
O-O 9. Bb2 Rb8 10. O-O Be6 11. Nd5 b5 12. d3 Qd7 13. Nec3 Bg4 14. Qd2 Nxd5 15.
Nxd5 Nd8 16. cxb5 axb5 17. a4 c6 18. Nc3 bxa4 19. Rxa4 Bb6 20. Ra6 Bh3 21. Na4
Bxg2 22. Kxg2 Ba7 23. f3 Qb7 24. Ra5 Ne6 25. Bc3 Nc7 26. Ra1 Ra8 27. Nb2 Nb5
28. Nc4 Rad8 29. Bb2 h6 30. Na3 Nc7 31. Nc2 Bb6 32. R5a2 f5 33. Qe2 Ra8 34. e4
Rxa2 35. Rxa2 fxe4 36. dxe4 Nb5 37. Qc4+ Kh7 38. Qe6 Ba7 39. Bc1 Rf6 40. Qe8
Nc3 41. Ra5 Bb6 42. Ra8 Qf7 43. Qxf7 Rxf7 44. Rc8 Rc7 45. Rb8 Ba7 46. Rd8 Nb5
47. Be3 Kg6 48. f4 exf4 49. gxf4 Kf7 50. Kf3 Ke7 51. Rg8 c5 52. bxc5 Bxc5 53.
Rb8 Bxe3 54. Nxe3 Nd4+ 55. Kg4 Kf7 56. Nd5 Rc2 57. Rb4 Rg2+ 58. Kh3 Rd2 59.
Rb7+ Kf8 60. Rb8+ Kf7 61. Rb7+ Kf8 62. Rd7 Re2 63. Rxd6 Rxe4 64. Kg4 Re6 65.
Rxe6 1/2-1/2

[Event "Liga Madrileña - DH 2017-2018"]
[Site "Madrid ESP"]
[Date "2018.01.13"]
[Round "5.32"]
[White "Espinosa Aranda, Angel"]
[Black "Garrido Dominguez, Jesus"]
[Result "1-0"]
[WhiteElo "2453"]
[BlackElo "2403"]
[PlyCount "93"]
[EventDate "2017.11.19"]
[EventType "team-tourn"]
[EventRounds "14"]
[EventCountry "ESP"]
[SourceTitle "Ajedrez en Madrid"]
[Source "lmi"]
[SourceDate "2017.11.19"]
[WhiteTeam "Virgen de Atocha"]
[BlackTeam "64 Villalba"]
[WhiteTeamCountry "ESP"]
[BlackTeamCountry "ESP"]

1. d4 d6 2. Nf3 Nf6 3. g3 g6 4. Bg2 Bg7 5. O-O O-O 6. c4 c6 7. Nc3 Qa5 8. Bd2
Qa6 9. b3 d5 10. cxd5 cxd5 11. Ne5 Rd8 12. Rc1 Bf5 13. e3 Nbd7 14. Nxd7 Rxd7
15. Na4 b6 16. Re1 Qb7 17. Qe2 Rc8 18. Rxc8+ Qxc8 19. Rc1 Rc7 20. Rxc7 Qxc7 21.
Nc3 e5 22. Bxd5 Nxd5 23. Nxd5 Qd7 24. e4 Be6 25. Bh6 Bh8 26. dxe5 Bxe5 27. Bf4
Bxd5 28. Bxe5 Bb7 29. f3 Qc6 30. Qd2 f6 31. Bb2 Qc5+ 32. Kg2 Qc6 33. g4 Kf7 34.
Ba3 Qc8 35. Qd6 f5 36. Qe7+ Kg8 37. gxf5 gxf5 38. exf5 Bd5 39. Qe5 Qd8 40. Be7
Qa8 41. Kf2 Qb7 42. Bg5 Qd7 43. Bh6 Bc6 44. Qg3+ Kh8 45. Qe5+ Kg8 46. Qb8+ Qe8
47. Qg3+ 1-0

[Event "Liga Madrileña - DH 2017-2018"]
[Site "Madrid ESP"]
[Date "2018.01.13"]
[Round "5.33"]
[White "Vega Gomez, Francisco Borja"]
[Black "Rubio Mejia, Luis Ignacio"]
[Result "0-1"]
[WhiteElo "2281"]
[BlackElo "2441"]
[PlyCount "144"]
[EventDate "2017.11.19"]
[EventType "team-tourn"]
[EventRounds "14"]
[EventCountry "ESP"]
[SourceTitle "Ajedrez en Madrid"]
[Source "lmi"]
[SourceDate "2017.11.19"]
[WhiteTeam "64 Villalba"]
[BlackTeam "Virgen de Atocha"]
[WhiteTeamCountry "ESP"]
[BlackTeamCountry "ESP"]

1. e4 c5 2. Nf3 d6 3. Bb5+ Bd7 4. Bxd7+ Qxd7 5. c4 Nc6 6. d4 cxd4 7. Nxd4 g6 8.
Nc3 Nf6 9. O-O Bg7 10. Nde2 Qe6 11. Nd5 Qxe4 12. Nc7+ Kd7 13. Nxa8 Qxc4 14. a4
Rxa8 15. a5 Nd5 16. Ra4 Qb5 17. Nf4 e6 18. Nxd5 Qxd5 19. Qg4 h5 20. Qf4 Ke8 21.
Ra3 a6 22. Rf3 Ne5 23. Ra3 Rc8 24. Qa4+ Qc6 25. Bf4 Qxa4 26. Rxa4 d5 27. b3 Nc6
28. Rc1 Kd7 29. Kf1 e5 30. Bd2 f5 31. Ra2 d4 32. Rac2 Bf8 33. Rc4 Bd6 34. b4
Na7 35. f4 Re8 36. fxe5 Bxe5 37. Bf4 Bxf4 38. Rxd4+ Bd6 39. h3 Nb5 40. Rd3 Re4
41. Rb1 Ke6 42. Rb2 Bxb4 43. Rd8 Bxa5 44. Rb8 Nd6 45. Rg8 Kf7 46. Ra8 Bb4 47.
Rc2 Rc4 48. Rxc4 Nxc4 49. Ke2 Nd6 50. Ke3 Bc5+ 51. Kf4 Kf6 52. Rf8+ Nf7 53. Ra8
h4 54. g4 g5+ 55. Kf3 Ne5+ 56. Kg2 fxg4 57. hxg4 Nxg4 58. Kh3 Ne5 59. Rc8 b6
60. Ra8 a5 61. Ra7 Ke6 62. Rg7 Be3 63. Ra7 Kd5 64. Ra8 Kc4 65. Kg2 Kb4 66. Re8
Bf4 67. Ra8 b5 68. Kh3 g4+ 69. Kg2 h3+ 70. Kh1 g3 71. Kg1 Nf3+ 72. Kf1 g2+ 0-1